[Event "XtraCon-Skakligaen"]
[Site "Denmark"]
[Date "2014.10.26"]
[Round "2.8"]
[White "Nilssen, John Arni"]
[Black "Simonsen, Carsten"]
[Result "0-1"]
[WhiteElo "2288"]
[BlackElo "2207"]
[PlyCount "166"]
[EventDate "2014.10.25"]
[EventType "team-tourn"]
[EventRounds "9"]
[EventCountry "DEN"]
[WhiteTeam "Skanderborg"]
[BlackTeam "Obro"]
[WhiteTeamCountry "DEN"]
[BlackTeamCountry "DEN"]

1. c4 c5 2. Nf3 Nf6 3. e3 e6 4. d4 d5 5. Nc3 a6 6. a3 dxc4 7. Bxc4 b5 8. Ba2
Bb7 9. O-O Be7 10. Qe2 O-O 11. dxc5 Bxc5 12. b4 Be7 13. e4 Nbd7 14. Bb2 Rc8 15.
Rfd1 Qc7 16. Rac1 Qf4 17. Rc2 Rfd8 18. Bc1 Qb8 19. Bg5 Re8 20. Bh4 Nb6 21. Bg3
Qa8 22. Nd2 Na4 23. Be5 Nxc3 24. Rxc3 Rxc3 25. Bxc3 Nxe4 26. Nxe4 Bxe4 27. Re1
Rc8 28. Bd4 Bf8 29. Qg4 Bf5 30. Qg3 Qe4 31. Qe3 Qxe3 32. fxe3 Be4 33. Bb3 g6
34. Rd1 Bg7 35. Bc5 Bf8 36. Bd4 Be7 37. Kf2 Rc6 38. Bb2 Rd6 39. Bd4 Bd5 40. Bc5
Bxb3 41. Bxd6 Bxd1 42. Bxe7 f5 43. Bf6 Kf7 44. Be5 Ke7 45. e4 g5 46. g3 Bc2 47.
exf5 exf5 48. Ke3 Ke6 49. Kd4 Kf7 50. h4 gxh4 51. gxh4 Kg6 52. Ke3 Kh5 53. Bf6
Kg4 54. Bg5 Bb3 55. Bd8 f4+ 56. Kf2 Ba4 57. Bg5 Kf5 58. Bd8 Bc2 59. Bc7 Ke4 60.
Bd6 Bd1 61. Bc7 Bg4 62. Bd6 h5 63. Bc7 f3 64. Bb6 Kd3 65. Ba5 Kc4 66. Ke3 Kb3
67. Kf2 Kxa3 68. Ke3 Kb3 69. Kf2 Kc4 70. Ke3 Kc3 71. Kf2 Kd3 72. Bb6 Ke4 73.
Bd8 Bc8 74. Bc7 Bb7 75. Bd8 Kf4 76. Bg5+ Kg4 77. Be7 a5 78. bxa5 Kf4 79. Bf8
Ke4 80. Ke1 Kd3 81. Bc5 Kc3 82. Kf2 b4 83. a6 Bxa6 0-1

[Event "XtraCon-Skakligaen"]
[Site "Denmark"]
[Date "2014.12.14"]
[Round "3.1"]
[White "Hansen, Mads Smith"]
[Black "Fries Nielsen, Niels Jorgen"]
[Result "1-0"]
[WhiteElo "2378"]
[BlackElo "2329"]
[PlyCount "93"]
[EventDate "2014.10.25"]
[EventType "team-tourn"]
[EventRounds "9"]
[EventCountry "DEN"]
[WhiteTeam "Obro"]
[BlackTeam "Esbjerg"]
[WhiteTeamCountry "DEN"]
[BlackTeamCountry "DEN"]

1. c4 e5 2. Nc3 Nf6 3. g3 c6 4. Nf3 d6 5. d4 Nbd7 6. Bg2 Be7 7. O-O O-O 8. Qc2
Re8 9. Rd1 Qc7 10. b3 Bf8 11. Bb2 Rb8 12. Rac1 a5 13. c5 e4 14. cxd6 Bxd6 15.
Ng5 e3 16. f4 Bxf4 17. gxf4 Qxf4 18. Nh3 Qh6 19. Qf5 g6 20. Qf4 Qg7 21. d5 Ne5
22. dxc6 bxc6 23. Ng5 Bf5 24. Nf3 Nh5 25. Qh4 Rb4 26. Rd8 Qf8 27. Rd4 Ng4 28.
Ba3 c5 29. Bxb4 axb4 30. Rxg4 Bxg4 31. Qxg4 bxc3 32. Qc4 Qd6 33. Ng5 Re7 34.
Qxc3 Nf4 35. Bf1 h6 36. Nf3 Qe6 37. Qxc5 Re8 38. Qc6 Qg4+ 39. Kh1 Re6 40. Qd7
Qf5 41. b4 g5 42. Qd4 Kh7 43. Qc5 Qe4 44. Kg1 Nd3 45. exd3 Qxf3 46. Bg2 Qg4 47.
Qc4 1-0

[Event "XtraCon-Skakligaen"]
[Site "Denmark"]
[Date "2014.12.14"]
[Round "3.2"]
[White "Poulsen, Iver"]
[Black "Hansen, Soren Bech"]
[Result "1-0"]
[WhiteElo "2095"]
[BlackElo "2296"]
[PlyCount "79"]
[EventDate "2014.10.25"]
[EventType "team-tourn"]
[EventRounds "9"]
[EventCountry "DEN"]
[WhiteTeam "Esbjerg"]
[BlackTeam "Obro"]
[WhiteTeamCountry "DEN"]
[BlackTeamCountry "DEN"]

1. e4 d5 2. exd5 Qxd5 3. Nc3 Qd6 4. d4 Nf6 5. Nf3 a6 6. g3 Bg4 7. Bg2 Nc6 8.
O-O O-O-O 9. d5 Nb4 10. h3 Bh5 11. Bf4 Qc5 12. Be3 Qd6 13. Bf4 Qc5 14. Be3 Qa5
15. g4 Bg6 16. Nd4 Nbxd5 17. Nb3 Qb4 18. Nxd5 Nxd5 19. Bxd5 e6 20. a3 Qb5 21.
c4 Qe8 22. Bxb7+ Kxb7 23. Na5+ Kc8 24. Qf3 Qa4 25. Qb7+ Kd7 26. Rfd1+ Bd6 27.
c5 Qxa5 28. Rxd6+ Ke7 29. Rxa6 Be4 30. Qa7 Qb5 31. Rb6 Qe2 32. Qxc7+ Rd7 33.
Qf4 f5 34. Rd6 Rhd8 35. Rad1 Qxd1+ 36. Rxd1 Rxd1+ 37. Kh2 Rh1+ 38. Kg3 Rg1+ 39.
Kh4 h6 40. Qe5 1-0

[Event "XtraCon-Skakligaen"]
[Site "Denmark"]
[Date "2014.12.14"]
[Round "3.3"]
[White "Rasmussen, Casper Dahl"]
[Black "Bonnelykke, Ole"]
[Result "1-0"]
[WhiteElo "2325"]
[BlackElo "2045"]
[PlyCount "99"]
[EventDate "2014.10.25"]
[EventType "team-tourn"]
[EventRounds "9"]
[EventCountry "DEN"]
[WhiteTeam "Obro"]
[BlackTeam "Esbjerg"]
[WhiteTeamCountry "DEN"]
[BlackTeamCountry "DEN"]

1. Nf3 c5 2. c4 g6 3. Nc3 Bg7 4. g3 Nc6 5. Bg2 d6 6. O-O Nf6 7. d4 cxd4 8. Nxd4
Bd7 9. Nb3 O-O 10. c5 Be6 11. cxd6 Qxd6 12. Qxd6 exd6 13. Rd1 Rfd8 14. Bf4 Ne8
15. Rd2 Nb4 16. Na5 Rac8 17. a3 Rxc3 18. axb4 Rc7 19. Nxb7 Rdc8 20. Nxd6 Rc1+
21. Rd1 Rxa1 22. Rxa1 Nxd6 23. Bxd6 Rc2 24. e3 Rxb2 25. Rc1 h5 26. h4 Bf8 27.
Bc5 Bg7 28. Bc6 a6 29. e4 Rb3 30. Bd5 Rc3 31. Rxc3 Bxc3 32. Kf1 Bd7 33. Bc4 Bb5
34. Bxb5 axb5 35. Ke2 f6 36. Kd3 Be1 37. Ke2 Bc3 38. Kd3 Be1 39. e5 f5 40. e6
Kg7 41. Ke3 Kf6 42. e7 Kf7 43. Kf4 Bc3 44. Kg5 Bd2+ 45. f4 Be1 46. e8=Q+ Kxe8
47. Kxg6 Bxg3 48. Kxf5 Bxh4 49. Kg6 Bg3 50. f5 1-0

[Event "XtraCon-Skakligaen"]
[Site "Denmark"]
[Date "2014.12.14"]
[Round "3.4"]
[White "Hartvig, Ove Weiss"]
[Black "Larsen, Karsten"]
[Result "1/2-1/2"]
[WhiteElo "2199"]
[BlackElo "2247"]
[PlyCount "34"]
[EventDate "2014.10.25"]
[EventType "team-tourn"]
[EventRounds "9"]
[EventCountry "DEN"]
[WhiteTeam "Esbjerg"]
[BlackTeam "Obro"]
[WhiteTeamCountry "DEN"]
[BlackTeamCountry "DEN"]

1. e4 e5 2. Nc3 Nf6 3. g3 Nc6 4. Bg2 Bc5 5. Nge2 a6 6. O-O d6 7. h3 h5 8. d3 h4
9. Bg5 hxg3 10. Nxg3 Ne7 11. Bxf6 gxf6 12. Nh5 f5 13. exf5 Nxf5 14. Ne4 Qh4 15.
c3 Kf8 16. Nxc5 dxc5 17. Ng3 Nxg3 1/2-1/2

[Event "XtraCon-Skakligaen"]
[Site "Denmark"]
[Date "2014.12.14"]
[Round "3.5"]
[White "Kaaber Hansen, Jacob"]
[Black "Lindestrom, Torsten"]
[Result "1-0"]
[WhiteElo "2262"]
[BlackElo "2224"]
[PlyCount "121"]
[EventDate "2014.10.25"]
[EventType "team-tourn"]
[EventRounds "9"]
[EventCountry "DEN"]
[WhiteTeam "Obro"]
[BlackTeam "Esbjerg"]
[WhiteTeamCountry "DEN"]
[BlackTeamCountry "DEN"]

1. e4 d5 2. exd5 Qxd5 3. Nc3 Qa5 4. d4 Nf6 5. Nf3 Ne4 6. Ne5 Nxc3 7. Qd2 Nc6 8.
Nxc6 bxc6 9. Qxc3 Qxc3+ 10. bxc3 Bf5 11. Kd1 e6 12. Be3 Rb8 13. Bc4 Ba3 14. Kd2
Ke7 15. Rab1 Rhd8 16. Rb3 Rxb3 17. axb3 Bc5 18. b4 Bb6 19. Bd3 Bxd3 20. Kxd3 a5
21. Kc4 Rd5 22. Ra1 axb4 23. Kxb4 Rb5+ 24. Kc4 e5 25. Kd3 exd4 26. cxd4 Ra5 27.
h4 Rd5 28. c4 Ra5 29. Re1 Ra3+ 30. Kc2 Kd7 31. Kb2 Ba5 32. Rd1 Ra4 33. Rc1 Rb4+
34. Ka3 Rb8 35. Ka4 Ra8 36. Kb3 Rb8+ 37. Kc2 Rb4 38. Kd3 Rb3+ 39. Ke4 Rb2 40.
Rd1 Rc2 41. c5 Ra2 42. g4 Bc3 43. h5 Ra1 44. Rd3 Be1 45. Kf5 Ra2 46. h6 gxh6
47. f3 Bh4 48. Bxh6 Re2 49. Re3 Rh2 50. Bg5 Bxg5 51. Kxg5 Rd2 52. Re4 Rd3 53.
f4 Rh3 54. f5 Kd8 55. Kf6 h5 56. Kxf7 hxg4 57. Rxg4 Rf3 58. f6 Rf1 59. Kg7 Kd7
60. f7 Ke7 61. Re4+ 1-0

[Event "XtraCon-Skakligaen"]
[Site "Denmark"]
[Date "2014.12.14"]
[Round "3.6"]
[White "Maarup, Michael"]
[Black "Schou Moldt, Thomas"]
[Result "0-1"]
[WhiteElo "2152"]
[BlackElo "2228"]
[PlyCount "80"]
[EventDate "2014.10.25"]
[EventType "team-tourn"]
[EventRounds "9"]
[EventCountry "DEN"]
[WhiteTeam "Esbjerg"]
[BlackTeam "Obro"]
[WhiteTeamCountry "DEN"]
[BlackTeamCountry "DEN"]

1. d4 d5 2. Nf3 Nf6 3. g3 e6 4. Bg2 Be7 5. O-O O-O 6. c4 c6 7. Nc3 Nbd7 8. Qd3
Re8 9. Rd1 Qa5 10. e4 dxe4 11. Nxe4 Nxe4 12. Qxe4 Bf6 13. Bd2 Qa6 14. Qc2 g6
15. Bf1 Qb6 16. Be3 Qc7 17. Rac1 Bg7 18. b4 b6 19. Bg2 Bb7 20. Qb3 Qd8 21. Ne5
Nxe5 22. dxe5 Qc7 23. f4 Rab8 24. c5 Bf8 25. cxb6 axb6 26. Bxc6 Bxc6 27. b5 Bc5
28. bxc6 Qxc6 29. Bxc5 bxc5 30. Qc3 Rec8 31. Rd6 Qe4 32. Qc2 Qe3+ 33. Kg2 c4
34. Kh3 Qa3 35. Rd4 Rb2 36. Qc3 Qxa2 37. Rxc4 Rxh2+ 38. Kg4 Qe2+ 39. Kg5 Rh5+
40. Kf6 Re8 0-1

[Event "XtraCon-Skakligaen"]
[Site "Denmark"]
[Date "2014.12.14"]
[Round "3.7"]
[White "Jorgensen, Dennis"]
[Black "Hansen, Stefan"]
[Result "1/2-1/2"]
[WhiteElo "2243"]
[BlackElo "2102"]
[PlyCount "128"]
[EventDate "2014.10.25"]
[EventType "team-tourn"]
[EventRounds "9"]
[EventCountry "DEN"]
[WhiteTeam "Obro"]
[BlackTeam "Esbjerg"]
[WhiteTeamCountry "DEN"]
[BlackTeamCountry "DEN"]

1. d4 Nf6 2. Nf3 e6 3. c4 Bb4+ 4. Bd2 Qe7 5. g3 Nc6 6. Nc3 Bxc3 7. Bxc3 Ne4 8.
Qc2 Nxc3 9. Qxc3 Qb4 10. Qxb4 Nxb4 11. Kd2 O-O 12. Bg2 d6 13. Kc3 a5 14. Rhd1
Re8 15. e3 h6 16. a3 Na6 17. b4 c6 18. Nd2 f5 19. Nb3 a4 20. Nd2 Nc7 21. Rac1
Bd7 22. Kb2 Re7 23. c5 d5 24. Nf3 Be8 25. Ne5 Bh5 26. f3 g5 27. g4 Bf7 28. Bh3
fxg4 29. Bxg4 Rf8 30. Rg1 Be8 31. h4 Rg7 32. hxg5 Rxg5 33. Rh1 Kg7 34. f4 Rxe5
35. fxe5 Bg6 36. Rcf1 Bf5 37. Rhg1 Kh7 38. Rf4 Ne8 39. Bxf5+ exf5 40. Kc3 Ng7
41. b5 Ne6 42. Rh4 Rh8 43. Kb4 f4 44. exf4 Nxd4 45. bxc6 bxc6 46. Rgh1 Kg6 47.
f5+ Nxf5 48. Rg4+ Kf7 49. Kxa4 Ke6 50. Re1 d4 51. Kb3 Rb8+ 52. Ka2 Kd5 53. Rf4
Ne3 54. e6 Kxc5 55. Re4 Nd5 56. Re5 Kc4 57. Rxd5 Kxd5 58. e7 Re8 59. Kb3 Kd6
60. Kc4 Rxe7 61. Rh1 c5 62. Rxh6+ Re6 63. Rh5 Re5 64. Rh6+ Re6 1/2-1/2

[Event "XtraCon-Skakligaen"]
[Site "Denmark"]
[Date "2014.12.14"]
[Round "3.8"]
[White "Jensen, Henrik Tranberg"]
[Black "Simonsen, Carsten"]
[Result "0-1"]
[WhiteElo "2057"]
[BlackElo "2207"]
[PlyCount "75"]
[EventDate "2014.10.25"]
[EventType "team-tourn"]
[EventRounds "9"]
[EventCountry "DEN"]
[WhiteTeam "Esbjerg"]
[BlackTeam "Obro"]
[WhiteTeamCountry "DEN"]
[BlackTeamCountry "DEN"]

1. Nf3 Nf6 2. g3 b6 3. Bg2 Bb7 4. O-O c5 5. d3 d5 6. c4 e6 7. Ne5 Bd6 8. Qa4+
Nfd7 9. cxd5 Bxd5 10. Bxd5 exd5 11. Bf4 Bxe5 12. Bxe5 O-O 13. Bf4 Nf6 14. Nc3
d4 15. Nb5 Qd7 16. Qb3 Nc6 17. a4 Rad8 18. Kg2 Rfe8 19. Rfe1 Nd5 20. Bg5 f6 21.
Bd2 Qf7 22. Qd1 Re6 23. a5 a6 24. Na3 b5 25. Rc1 Qa7 26. Qc2 b4 27. Nb1 Nxa5
28. Qxc5 Qb7 29. Kg1 Nb3 30. Qc4 Nxc1 31. Bxc1 Qc7 32. Qxd4 Rxe2 33. Rxe2 Qxc1+
34. Kg2 Qxb1 35. Qc4 Qd1 36. Re8+ Rxe8 37. Qxd5+ Kh8 38. Qf7 0-1

[Event "XtraCon-Skakligaen"]
[Site "Denmark"]
[Date "2014.12.14"]
[Round "3.1"]
[White "Schandorff, Lars"]
[Black "Brynell, Stellan"]
[Result "1/2-1/2"]
[WhiteElo "2532"]
[BlackElo "2459"]
[PlyCount "51"]
[EventDate "2014.10.25"]
[EventType "team-tourn"]
[EventRounds "9"]
[EventCountry "DEN"]
[WhiteTeam "Hillerod"]
[BlackTeam "Nordkalotten"]
[WhiteTeamCountry "DEN"]
[BlackTeamCountry "DEN"]

1. d4 e6 2. c4 Bb4+ 3. Bd2 a5 4. a3 Bxd2+ 5. Qxd2 d6 6. Nc3 Nf6 7. e3 e5 8.
dxe5 dxe5 9. Qxd8+ Kxd8 10. Nf3 Nbd7 11. O-O-O Ke7 12. Bd3 b6 13. Ne4 Nxe4 14.
Bxe4 Rb8 15. Bc6 f6 16. b4 axb4 17. axb4 Nf8 18. Kb2 Bb7 19. Bxb7 Rxb7 20. Nd2
Ne6 21. Ne4 Ra7 22. Nc3 c6 23. Ra1 Rha8 24. Rxa7+ Rxa7 25. Rd1 Ra8 26. Ra1
1/2-1/2

[Event "XtraCon-Skakligaen"]
[Site "Denmark"]
[Date "2014.12.14"]
[Round "3.2"]
[White "Sylvan, Jacob"]
[Black "Borge, Nikolaj"]
[Result "1-0"]
[WhiteElo "2315"]
[BlackElo "2383"]
[PlyCount "53"]
[EventDate "2014.10.25"]
[EventType "team-tourn"]
[EventRounds "9"]
[EventCountry "DEN"]
[WhiteTeam "Nordkalotten"]
[BlackTeam "Hillerod"]
[WhiteTeamCountry "DEN"]
[BlackTeamCountry "DEN"]

1. e4 d6 2. d4 Nf6 3. Nc3 e5 4. Nf3 exd4 5. Nxd4 Be7 6. Bf4 O-O 7. Qd2 d5 8.
Ndb5 Bb4 9. O-O-O c6 10. Nc7 Nxe4 11. Qe3 Bxc3 12. bxc3 g5 13. Qxe4 Qxc7 14.
Qxh7+ Kxh7 15. Bxc7 Kg6 16. h4 g4 17. h5+ Kg5 18. f4+ gxf3 19. gxf3 Bf5 20.
Rg1+ Kf6 21. Re1 Be6 22. Be5+ Ke7 23. Bg7 Rc8 24. h6 Nd7 25. h7 f5 26. Rh1 Rh8
27. Rh6 1-0

[Event "XtraCon-Skakligaen"]
[Site "Denmark"]
[Date "2014.12.14"]
[Round "3.3"]
[White "Percivaldi, Martin"]
[Black "Kristensen, Kaare Hove"]
[Result "0-1"]
[WhiteElo "2324"]
[BlackElo "2335"]
[PlyCount "118"]
[EventDate "2014.10.25"]
[EventType "team-tourn"]
[EventRounds "9"]
[EventCountry "DEN"]
[WhiteTeam "Hillerod"]
[BlackTeam "Nordkalotten"]
[WhiteTeamCountry "DEN"]
[BlackTeamCountry "DEN"]

1. d4 d5 2. c4 c6 3. Nf3 Nf6 4. e3 Bg4 5. Qb3 Qb6 6. Nc3 e6 7. Nh4 Nbd7 8. h3
Bh5 9. g4 Bg6 10. Nxg6 hxg6 11. Bg2 Bb4 12. c5 Bxc3+ 13. Qxc3 Qc7 14. Qc2 e5
15. dxe5 Qxe5 16. Bd2 Ne4 17. Bxe4 Qxe4 18. Qxe4+ dxe4 19. Bc3 f6 20. Bd4 Nf8
21. Kd2 Ne6 22. h4 Kf7 23. Kc3 Rh7 24. h5 Rah8 25. Rh4 gxh5 26. gxh5 Rxh5 27.
Rxe4 Rf5 28. Rf1 Rh2 29. f3 Nxc5 30. Rg4 Ne6 31. Bxa7 Ra5 32. Bb8 Rc5+ 33. Rc4
Rxc4+ 34. Kxc4 Rxb2 35. a3 b5+ 36. Kc3 Re2 37. Ba7 c5 38. e4 Re3+ 39. Kb2 Re2+
40. Kc3 g5 41. Bb6 Re3+ 42. Kb2 Rd3 43. Rc1 Rxf3 44. Bxc5 Nxc5 45. Rxc5 Re3 46.
Rxb5 Rxe4 47. Kc2 g4 48. Kd3 Ra4 49. Ke3 Kg6 50. Rb3 Kg5 51. Kf2 f5 52. Rc3 Kf4
53. Rb3 Rc4 54. Rb2 g3+ 55. Kg2 Kg4 56. Rb8 Rc2+ 57. Kg1 f4 58. Rb4 Kh3 59. Rb1
f3 0-1

[Event "XtraCon-Skakligaen"]
[Site "Denmark"]
[Date "2014.12.14"]
[Round "3.4"]
[White "Pedersen, Daniel V"]
[Black "Jaksland, Tim"]
[Result "0-1"]
[WhiteElo "2254"]
[BlackElo "2277"]
[PlyCount "38"]
[EventDate "2014.10.25"]
[EventType "team-tourn"]
[EventRounds "9"]
[EventCountry "DEN"]
[WhiteTeam "Nordkalotten"]
[BlackTeam "Hillerod"]
[WhiteTeamCountry "DEN"]
[BlackTeamCountry "DEN"]

1. e4 c5 2. c3 d5 3. exd5 Nf6 4. Qa4+ Nbd7 5. c4 b5 6. Qxb5 Rb8 7. Qa4 e6 8.
dxe6 fxe6 9. Nf3 Bd6 10. Be2 O-O 11. d3 Bb7 12. Qc2 Ne5 13. Nbd2 Nfg4 14. h3
Nxf2 15. Kxf2 Qh4+ 16. Kf1 Ng4 17. hxg4 Qxh1+ 18. Kf2 Qh4+ 19. Kf1 Bg3 0-1

[Event "XtraCon-Skakligaen"]
[Site "Denmark"]
[Date "2014.12.14"]
[Round "3.5"]
[White "Ostergaard, Jens"]
[Black "Jakobsen, Peter"]
[Result "1-0"]
[WhiteElo "2236"]
[BlackElo "2227"]
[PlyCount "93"]
[EventDate "2014.10.25"]
[EventType "team-tourn"]
[EventRounds "9"]
[EventCountry "DEN"]
[WhiteTeam "Hillerod"]
[BlackTeam "Nordkalotten"]
[WhiteTeamCountry "DEN"]
[BlackTeamCountry "DEN"]

1. d4 Nf6 2. Nf3 e6 3. c4 b6 4. g3 Ba6 5. Qa4 Bb7 6. Bg2 c5 7. dxc5 bxc5 8. O-O
Be7 9. Nc3 O-O 10. Bf4 d6 11. Rfd1 Qb6 12. Rab1 Nbd7 13. a3 Rfd8 14. h3 Nf8 15.
Ne1 Bxg2 16. Nxg2 d5 17. Qb5 Qxb5 18. Nxb5 a6 19. Nc3 d4 20. Na4 N8d7 21. b4 e5
22. Bg5 Rac8 23. Rdc1 h6 24. Bxf6 Nxf6 25. b5 axb5 26. cxb5 Nd7 27. Nb2 Nb6 28.
Nc4 Nd5 29. Rb3 f6 30. Nh4 Kf7 31. Nf5 Bf8 32. e4 g6 33. Nxd4 cxd4 34. exd5 Kg7
35. b6 Rxd5 36. b7 Rb8 37. Na5 Rxa5 38. Rc7+ Kg8 39. Rc8 Rxa3 40. Rb5 Rxb7 41.
Rxb7 Rc3 42. Rd8 d3 43. Rbb8 d2 44. Rxf8+ Kg7 45. Rfd8 Rc1+ 46. Kg2 d1=Q 47.
Rb7+ 1-0

[Event "XtraCon-Skakligaen"]
[Site "Denmark"]
[Date "2014.12.14"]
[Round "3.6"]
[White "Hove, Esben Kjems"]
[Black "Montgomery, Jan Elkjaer Frantse"]
[Result "1-0"]
[WhiteElo "2224"]
[BlackElo "2149"]
[PlyCount "91"]
[EventDate "2014.10.25"]
[EventType "team-tourn"]
[EventRounds "9"]
[EventCountry "DEN"]
[WhiteTeam "Nordkalotten"]
[BlackTeam "Hillerod"]
[WhiteTeamCountry "DEN"]
[BlackTeamCountry "DEN"]

1. Nf3 d5 2. g3 Nf6 3. Bg2 c6 4. O-O Bg4 5. d3 Nbd7 6. Nbd2 e5 7. e4 Bc5 8. h3
Bh5 9. Qe1 O-O 10. Nh4 Re8 11. Nb3 Bb6 12. Bg5 dxe4 13. dxe4 Qc7 14. a4 a5 15.
g4 Bg6 16. Qe2 h6 17. Be3 Nf8 18. Nf5 Ne6 19. Rad1 Bxf5 20. exf5 Nf4 21. Qc4
N6d5 22. Rfe1 Nxe3 23. fxe3 Qe7 24. Kh2 Nxg2 25. Kxg2 Rad8 26. Nd2 Rd5 27. Ne4
Red8 28. Rd3 Qb4 29. Rc3 Qxc4 30. Rxc4 Rd1 31. Rxd1 Rxd1 32. Rc3 Re1 33. Kf3
Rf1+ 34. Ke2 Rh1 35. Rb3 Bd8 36. Rxb7 Bh4 37. Nd6 e4 38. Nxe4 Rxh3 39. b4 Rh2+
40. Kd3 Be1 41. b5 cxb5 42. axb5 h5 43. Rb8+ Kh7 44. Ng5+ Kh6 45. Nxf7+ Kh7 46.
Rh8# 1-0

[Event "XtraCon-Skakligaen"]
[Site "Denmark"]
[Date "2014.12.14"]
[Round "3.7"]
[White "Andersen, Ib Hother"]
[Black "Ejsing, Esben"]
[Result "1/2-1/2"]
[WhiteElo "2128"]
[BlackElo "2190"]
[PlyCount "56"]
[EventDate "2014.10.25"]
[EventType "team-tourn"]
[EventRounds "9"]
[EventCountry "DEN"]
[WhiteTeam "Hillerod"]
[BlackTeam "Nordkalotten"]
[WhiteTeamCountry "DEN"]
[BlackTeamCountry "DEN"]

1. Nf3 d5 2. g3 c5 3. Bg2 Nc6 4. d4 Nf6 5. O-O e6 6. b3 Be7 7. Bb2 O-O 8. Nbd2
b5 9. c4 bxc4 10. bxc4 Rb8 11. Rb1 Qa5 12. dxc5 Qxa2 13. Bxf6 Bxf6 14. Rxb8
Nxb8 15. Qb1 Qxb1 16. Rxb1 Ba6 17. cxd5 exd5 18. e3 Nc6 19. Bf1 Bxf1 20. Kxf1
g5 21. h3 Rc8 22. Rb7 a5 23. Nb3 a4 24. Nbd4 a3 25. Nxc6 Rxc6 26. Ra7 Rxc5 27.
Rxa3 h5 28. Rd3 Kg7 1/2-1/2

[Event "XtraCon-Skakligaen"]
[Site "Denmark"]
[Date "2014.12.14"]
[Round "3.8"]
[White "Nielsen, Lars Aaes"]
[Black "Svenninggaard, Thomas"]
[Result "0-1"]
[WhiteElo "2237"]
[BlackElo "2138"]
[PlyCount "66"]
[EventDate "2014.10.25"]
[EventType "team-tourn"]
[EventRounds "9"]
[EventCountry "DEN"]
[WhiteTeam "Nordkalotten"]
[BlackTeam "Hillerod"]
[WhiteTeamCountry "DEN"]
[BlackTeamCountry "DEN"]

1. e4 d6 2. d4 g6 3. Be2 Bg7 4. Nc3 c6 5. Be3 Nf6 6. g4 b5 7. a3 Bb7 8. g5 Nfd7
9. h4 a5 10. h5 O-O 11. hxg6 hxg6 12. f4 b4 13. Na4 e6 14. Qd2 c5 15. Bf3 cxd4
16. Bxd4 e5 17. Be3 exf4 18. Qh2 Re8 19. Bxf4 Ne5 20. O-O-O Qc7 21. Be2 Bxe4
22. Bf3 Bxf3 23. Nxf3 Nbd7 24. Nd4 Rab8 25. Qh7+ Kf8 26. axb4 Rxb4 27. Nc3 Qb7
28. Bxe5 Nxe5 29. Nd5 Qxd5 30. c3 Rc8 31. Rhf1 Rxd4 32. Qh3 Rc7 33. Rde1 Nd3+
0-1

[Event "XtraCon-Skakligaen"]
[Site "Denmark"]
[Date "2015.03.01"]
[Round "3.2"]
[White "Ochsner, Bjorn Moller"]
[Black "Sorensen, Jan"]
[Result "1/2-1/2"]
[WhiteElo "2342"]
[BlackElo "2431"]
[PlyCount "116"]
[EventDate "2014.10.25"]
[EventType "team-tourn"]
[EventRounds "9"]
[EventCountry "DEN"]
[WhiteTeam "Jetsmark"]
[BlackTeam "AarhusSkolerne"]
[WhiteTeamCountry "DEN"]
[BlackTeamCountry "DEN"]

1. e4 e6 2. d4 d5 3. Nc3 Bb4 4. e5 c5 5. a3 Bxc3+ 6. bxc3 Ne7 7. Qg4 cxd4 8.
Bd3 Qc7 9. Ne2 dxc3 10. Qxg7 Rg8 11. Qxh7 Qxe5 12. h4 Nd7 13. Bf4 Qf6 14. Bg5
Qh8 15. Qxh8 Rxh8 16. Nxc3 a6 17. O-O-O f6 18. Be3 Ne5 19. f4 Nxd3+ 20. Rxd3
Nf5 21. Bf2 Rg8 22. h5 Rxg2 23. h6 Bd7 24. h7 Kf7 25. h8=Q Rxh8 26. Rxh8 Rxf2
27. Rh7+ Ke8 28. Ne4 Rxc2+ 29. Kxc2 Ba4+ 30. Kc1 dxe4 31. Rdh3 Bc6 32. Rc7 Kd8
33. Rf7 Nd6 34. Rh8+ Ne8 35. Kd2 Bd5 36. Rff8 Bc6 37. Rf7 Bd5 38. Ke3 e5 39.
Rxf6 exf4+ 40. Kxf4 Ke7 41. Rb6 Kd7 42. Rh7+ Kc8 43. Re7 Kd8 44. Rh7 Bc6 45.
Rbxb7 Bxb7 46. Rxb7 Nc7 47. Rb8+ Kd7 48. Kxe4 Nb5 49. a4 Kc7 50. Ra8 Kb7 51.
Rg8 Nc3+ 52. Kd4 Nxa4 53. Rg6 Kc7 54. Rxa6 Nb6 55. Kc5 Nd7+ 56. Kb5 Kb7 57. Rd6
Kc7 58. Rxd7+ Kxd7 1/2-1/2

[Event "XtraCon-Skakligaen"]
[Site "Denmark"]
[Date "2015.03.01"]
[Round "3.3"]
[White "Christensen, Tobias"]
[Black "Jensen, Bjarke"]
[Result "1/2-1/2"]
[WhiteElo "2369"]
[BlackElo "2351"]
[PlyCount "120"]
[EventDate "2014.10.25"]
[EventType "team-tourn"]
[EventRounds "9"]
[EventCountry "DEN"]
[WhiteTeam "AarhusSkolerne"]
[BlackTeam "Jetsmark"]
[WhiteTeamCountry "DEN"]
[BlackTeamCountry "DEN"]

1. d4 d5 2. c4 c6 3. Nf3 Nf6 4. Nc3 dxc4 5. a4 Bf5 6. Ne5 Nbd7 7. Nxc4 Qc7 8.
Bg5 e5 9. e3 Bb4 10. Bxf6 gxf6 11. Bd3 Be6 12. O-O exd4 13. exd4 O-O-O 14. Qf3
Rhg8 15. Ne3 Ne5 16. dxe5 Bxc3 17. Bxh7 Bxe5 18. Bxg8 Bxh2+ 19. Kh1 Rxg8 20. g3
Bxg3 21. fxg3 Rxg3 22. Qf4 Qxf4 23. Rxf4 Rxe3 24. Rxf6 Re2 25. b4 Bd5+ 26. Kg1
Rg2+ 27. Kf1 Rh2 28. Ke1 Rb2 29. Rf4 Kc7 30. Kd1 Kd6 31. Kc1 Rh2 32. Ra3 Ke5
33. Rg4 Be4 34. b5 c5 35. a5 Rc2+ 36. Kd1 Rb2 37. a6 Rxb5 38. axb7 Rxb7 39. Rg8
Rd7+ 40. Kc1 c4 41. Rg5+ f5 42. Ra5+ Kf4 43. Rg1 c3 44. Rf1+ Kg4 45. Rg1+ Kf4
46. Rf1+ Kg5 47. Rg1+ Kf6 48. Ra6+ Kf7 49. Rag6 Rd5 50. Ra6 Rb5 51. Rxa7+ Kf6
52. Ra1 f4 53. Kd1 f3 54. Rc1 Rd5+ 55. Ke1 Rd3 56. Rg8 Ke5 57. Re8+ Kf4 58. Re7
Bd5 59. Rd7 Ke3 60. Rxd5 Rxd5 1/2-1/2

[Event "XtraCon-Skakligaen"]
[Site "Denmark"]
[Date "2015.03.01"]
[Round "3.4"]
[White "Wiwe, Andreas"]
[Black "Ochsner, Thomas"]
[Result "0-1"]
[WhiteElo "2301"]
[BlackElo "2312"]
[PlyCount "146"]
[EventDate "2014.10.25"]
[EventType "team-tourn"]
[EventRounds "9"]
[EventCountry "DEN"]
[WhiteTeam "Jetsmark"]
[BlackTeam "AarhusSkolerne"]
[WhiteTeamCountry "DEN"]
[BlackTeamCountry "DEN"]

1. e4 e5 2. Nf3 Nc6 3. Bb5 Nf6 4. O-O Bc5 5. Nxe5 Nxe4 6. Qe2 Nxe5 7. Qxe4 Qe7
8. Nc3 Ng6 9. Qxe7+ Bxe7 10. Nd5 Bd6 11. Ne3 c6 12. Be2 Be5 13. Ng4 Bc7 14. d4
d5 15. Bd2 O-O 16. h3 Bf5 17. Rac1 Rfe8 18. Rfe1 Nf8 19. Bf3 Rxe1+ 20. Bxe1 Re8
21. Kf1 Ne6 22. c3 Bd3+ 23. Kg1 Ng5 24. Bd2 Nxf3+ 25. gxf3 h5 26. Ne5 Bf5 27.
Re1 Kf8 28. f4 Bxh3 29. Nd3 Rxe1+ 30. Nxe1 Bf5 31. Be3 Be4 32. f3 Bb1 33. a3
Ke7 34. Kf2 Ke6 35. Ng2 Bf5 36. Bd2 Bh3 37. Nh4 Bd8 38. Kg3 Bf5 39. Ng2 Be7 40.
Be3 Bd6 41. Kf2 a5 42. Nh4 Be7 43. Kg3 Bd3 44. Ng2 f6 45. Ne1 Bb1 46. Kh4 g6
47. Bd2 Bd6 48. Be3 Kf5 49. Ng2 Bd3 50. Bd2 Ke6 51. Bc1 a4 52. Bd2 Kd7 53. Bc1
Bf1 54. Ne1 Ke6 55. Nc2 Kf7 56. f5 Bd3 57. fxg6+ Kxg6 58. Ne1 Be2 59. Bd2 Bf1
60. Nc2 f5 61. f4 Be7+ 62. Kg3 h4+ 63. Kf2 Bd3 64. Ne3 Be4 65. Nf1 Kh5 66. Nh2
h3 67. Kg1 Bh4 68. Be3 Be1 69. Bc1 Kh4 70. Nf1 Kg4 71. Nh2+ Kg3 72. Nf1+ Kf3
73. Kh2 Ke2 0-1